000 01167 a2200241 4500
003 NUST
005 20221118145835.0
010 _a 2010032734
020 _a9780078035975
040 _cNust
082 0 0 _a515.2433,BRO
100 1 _aBrown, James Ward.
_98852
245 1 0 _aFourier series and boundary value problems /
_cJames Ward Brown, Ruel V. Churchill.
250 _a8th ed.
260 _aNew York :
_bMcGraw-Hill,
_c2012.
300 _axvi, 400 p. :
_bill. ;
_c24 cm.
500 _aFourier Series (Page-1), Convergence of Fourier Series (Page-25), Partial Differential Equations of Physics (Page-60), The Fourier Methods (Page-95), Boundary Value Problems (Page-113), Fourier Integrals and Application (Page-161), Orthogonal Sets (Page-189), Sturm Lowville Problems and Application (Page-210), Bessel Function and Application (Page-260), Legendre Polynomials Application (Page-326), Verification of Solution and Uniqueness (Page-362).
650 0 _aBoundary value problems.
_9689
650 0 _aFourier series.
_939035
650 0 _aFunctions, Orthogonal.
_9103079
700 1 _aChurchill, Ruel V.
_d1899-1987.
_9103080
942 _2ddc
_cBK
_k515.2433,BRO
999 _c189428
_d189428